[Event "Madrid ch - Previa A 2013"]
[Site "Madrid ESP"]
[Date "2013.02.11"]
[Round "4.26"]
[White "Lucia Carpintero, Oscar"]
[Black "Veuthey Martinez, Eloy"]
[Result "1-0"]
[WhiteElo "1683"]
[BlackElo "1584"]
[PlyCount "89"]
[EventDate "2013.02.04"]
[EventType "swiss"]
[EventRounds "9"]
[EventCountry "ESP"]
[Source "lmi"]
[SourceDate "2013.02.04"]

1. d4 d6 2. c4 e5 3. d5 f5 4. Nc3 Nf6 5. Qc2 Na6 6. a3 Be7 7. b4 O-O 8. g3 c5
9. b5 Nc7 10. a4 b6 11. Bg2 Bd7 12. e3 Qe8 13. Nge2 Kh8 14. Bb2 a5 15. O-O-O
Ng4 16. Rdf1 Bg5 17. Nd1 Qe7 18. h3 Nh6 19. f4 Bf6 20. e4 exf4 21. Nxf4 Bxb2+
22. Kxb2 Qe5+ 23. Qc3 Nf7 24. Re1 Qxc3+ 25. Kxc3 Ne5 26. Nf2 Rae8 27. exf5 Bxf5
28. Be4 Bd7 29. h4 Ng4 30. Nxg4 Bxg4 31. Kd3 Re5 32. Ne2 Ne8 33. Nc3 g6 34. Re3
Ng7 35. Rhe1 Nf5 36. Bxf5 Bxf5+ 37. Kd2 Rfe8 38. Rxe5 Rxe5 39. Rxe5 dxe5 40. d6
Kg7 41. Nd5 Be6 42. Nxb6 Kf8 43. Nd5 Bxd5 44. cxd5 Ke8 45. b6 1-0

[Event "Madrid ch - Previa A 2013"]
[Site "Madrid ESP"]
[Date "2013.02.11"]
[Round "4.27"]
[White "Barragan Panal, Juan Jose"]
[Black "De Mingo Matias, Jose Andres"]
[Result "0-1"]
[WhiteElo "1666"]
[BlackElo "1476"]
[PlyCount "78"]
[EventDate "2013.02.04"]
[EventType "swiss"]
[EventRounds "9"]
[EventCountry "ESP"]
[Source "lmi"]
[SourceDate "2013.02.04"]

1. Nf3 Nf6 2. c4 d5 3. d4 dxc4 4. Nc3 a6 5. a4 Bg4 6. e3 e6 7. Bxc4 Nbd7 8. Be2
c5 9. O-O Be7 10. h3 Bh5 11. Ne5 Bxe2 12. Qxe2 O-O 13. Nxd7 Qxd7 14. Rd1 Qc7
15. Qf3 Rfd8 16. Ne4 cxd4 17. exd4 Rd7 18. Bf4 Qb6 19. Nxf6+ Bxf6 20. Be5 Bxe5
21. dxe5 Rxd1+ 22. Rxd1 Qxb2 23. Qd3 h6 24. Rb1 Qxe5 25. Rxb7 Qa1+ 26. Kh2 Qxa4
27. Qf3 Qe8 28. Rxf7 a5 29. Re7 Qf8 30. Rxe6 Qxf3 31. gxf3 a4 32. Re2 a3 33.
Ra2 Kf7 34. Kg2 Ke6 35. Kf1 Kd5 36. Ke2 Kc4 37. Kd2 Kb3 38. Rc2 a2 39. Rc3+ Kb4
0-1

[Event "Madrid ch - Previa A 2013"]
[Site "Madrid ESP"]
[Date "2013.02.11"]
[Round "4.28"]
[White "Apaza, Gabriela Erika"]
[Black "Moreno Sanchez, Guillermo"]
[Result "0-1"]
[WhiteElo "1196"]
[BlackElo "1644"]
[PlyCount "54"]
[EventDate "2013.02.04"]
[EventType "swiss"]
[EventRounds "9"]
[EventCountry "ESP"]
[Source "lmi"]
[SourceDate "2013.02.04"]

1. d4 d5 2. Nf3 Nf6 3. e3 e6 4. Bd3 c6 5. Nbd2 Bd6 6. e4 dxe4 7. Nxe4 Nxe4 8.
Bxe4 h6 9. O-O Nd7 10. Re1 O-O 11. c3 Qc7 12. Bc2 Nf6 13. Ne5 Rd8 14. Qf3 Ne8
15. Qg3 f6 16. Qg6 fxe5 17. Qh7+ Kf8 18. Qh8+ Kf7 19. Qh7 exd4 20. Qg6+ Kf8 21.
g3 dxc3 22. bxc3 Qf7 23. Qh7 Nf6 24. Qd3 Bc7 25. Ba3+ Kg8 26. g4 Rxd3 27. Bxd3
Nxg4 0-1

[Event "Madrid ch - Previa A 2013"]
[Site "Madrid ESP"]
[Date "2013.02.11"]
[Round "4.29"]
[White "Martinez Carrasco, Jesus"]
[Black "Barria Arbunic, Manuel"]
[Result "1/2-1/2"]
[WhiteElo "1610"]
[BlackElo "1478"]
[PlyCount "92"]
[EventDate "2013.02.04"]
[EventType "swiss"]
[EventRounds "9"]
[EventCountry "ESP"]
[Source "lmi"]
[SourceDate "2013.02.04"]

1. d4 Nf6 2. c4 e6 3. Nc3 c5 4. e3 cxd4 5. exd4 a6 6. Nf3 b6 7. Be2 d6 8. O-O
Bb7 9. Bg5 Nbd7 10. Re1 Be7 11. Qc2 O-O 12. Rac1 h6 13. Bh4 Re8 14. h3 Bf8 15.
Nd2 Qc7 16. Bg3 Rac8 17. b3 Qb8 18. Nde4 Nxe4 19. Nxe4 Bxe4 20. Qxe4 Qa8 21.
Qd3 a5 22. a4 d5 23. Bf3 Qa6 24. Be2 Bb4 25. Red1 Nf6 26. cxd5 Qxd3 27. Bxd3
Nxd5 28. Bc4 Nc3 29. Rd2 Nxa4 30. Rdc2 Nc3 31. Rxc3 Bxc3 32. Rxc3 b5 33. Bxb5
Rxc3 34. Bxe8 Rxb3 35. Bc7 Kf8 36. Ba4 Rb1+ 37. Kh2 Ra1 38. Bd6+ Kg8 39. Bb5 a4
40. Kg3 a3 41. Kf3 a2 42. Bc4 g6 43. Be5 Kh7 44. h4 h5 45. Kf4 Rh1 46. Bxa2
Rxh4+ 1/2-1/2

[Event "Madrid ch - Previa A 2013"]
[Site "Madrid ESP"]
[Date "2013.02.11"]
[Round "4.30"]
[White "Perez-Nunez Castillo, Jose"]
[Black "Barragan Arriaza, Pablo"]
[Result "1-0"]
[WhiteElo "1648"]
[BlackElo "1264"]
[PlyCount "97"]
[EventDate "2013.02.04"]
[EventType "swiss"]
[EventRounds "9"]
[EventCountry "ESP"]
[Source "lmi"]
[SourceDate "2013.02.04"]

1. d4 d5 2. c4 c6 3. Nf3 Nf6 4. e3 e6 5. Bd3 g6 6. O-O Bg7 7. Nc3 O-O 8. Re1
Nbd7 9. e4 dxe4 10. Nxe4 Nxe4 11. Bxe4 Nb6 12. b3 Bd7 13. Be3 a5 14. Rc1 Re8
15. Bb1 Bc8 16. Qc2 Nd7 17. h4 Nf6 18. Rcd1 Bd7 19. Bg5 h6 20. Bf4 Nh5 21. Be5
Rc8 22. Bxg7 Nxg7 23. g3 Qf6 24. Ne5 Rcd8 25. Qd2 Kh7 26. Qxa5 Qe7 27. Qc3 Bc8
28. Qf3 Rf8 29. h5 Nf5 30. hxg6+ fxg6 31. Qe4 Qg5 32. Kg2 h5 33. Rh1 h4 34. g4
Rde8 35. Nf3 Qf6 36. gxf5 exf5 37. Qxh4+ Qxh4 38. Rxh4+ Kg7 39. Ne5 c5 40. Nf3
b6 41. dxc5 bxc5 42. Rd5 Bb7 43. Rd7+ Rf7 44. Rh7+ Kxh7 45. Rxf7+ Kh6 46. Rxb7
g5 47. Bxf5 Re2 48. Ra7 g4 49. Rh7# 1-0

[Event "Madrid ch - Previa A 2013"]
[Site "Madrid ESP"]
[Date "2013.02.12"]
[Round "5.2"]
[White "Lopez Heras, Arturo"]
[Black "Camarero Izquierdo, Juan Carlos"]
[Result "1-0"]
[WhiteElo "1917"]
[BlackElo "1922"]
[PlyCount "52"]
[EventDate "2013.02.04"]
[EventType "swiss"]
[EventRounds "9"]
[EventCountry "ESP"]
[Source "lmi"]
[SourceDate "2013.02.04"]

1. e4 c5 2. Nf3 d6 3. d4 cxd4 4. Nxd4 Nf6 5. Nc3 a6 6. Be3 b5 7. f3 Bb7 8. Qd2
Nbd7 9. O-O-O Rc8 10. Kb1 Nb6 11. g4 Nfd7 12. b3 g6 13. h4 Qc7 14. Nce2 Bg7 15.
h5 e5 16. hxg6 exd4 17. gxf7+ Kxf7 18. Nxd4 Bxd4 19. Bxd4 Ne5 20. Bd3 Ke6 21.
Rh6+ Ke7 22. Qg5+ Ke8 23. Re6+ Kd7 24. Re7+ Kc6 25. Rxc7+ Rxc7 26. Bxe5 dxe5
1-0

[Event "Madrid ch - Previa A 2013"]
[Site "Madrid ESP"]
[Date "2013.02.12"]
[Round "5.3"]
[White "Ruiz Quevedo, Andres"]
[Black "Santamaria Baeza, Adolfo"]
[Result "1-0"]
[WhiteElo "1917"]
[BlackElo "1873"]
[PlyCount "133"]
[EventDate "2013.02.04"]
[EventType "swiss"]
[EventRounds "9"]
[EventCountry "ESP"]
[Source "lmi"]
[SourceDate "2013.02.04"]

1. c4 e5 2. g3 g6 3. Bg2 Bg7 4. Nc3 Ne7 5. Nf3 O-O 6. O-O c6 7. d4 d6 8. e4 Bg4
9. d5 f5 10. Qb3 Qb6 11. Ng5 f4 12. Ne6 f3 13. Bh1 Bxe6 14. dxe6 Qxb3 15. axb3
Na6 16. Rd1 Rad8 17. Rd3 Nc5 18. Rxf3 Rxf3 19. Bxf3 Nxb3 20. Rb1 h5 21. Bg5 Re8
22. g4 Nd4 23. Bd1 Nxe6 24. Bxe7 Rxe7 25. gxh5 gxh5 26. Bxh5 Nf4 27. Bg4 Bf6
28. Rd1 Rg7 29. f3 Be7 30. Kf2 Rh7 31. Kg1 Rh6 32. Rd2 Bg5 33. Rc2 Kf7 34. Ne2
Nd3 35. Ng3 Be3+ 36. Kf1 Bc5 37. Nf5 Rf6 38. h4 Nf4 39. h5 Kg8 40. Rh2 d5 41.
cxd5 cxd5 42. Rc2 b6 43. exd5 Nxd5 44. Re2 Bd4 45. Nxd4 exd4 46. Be6+ Rxe6 47.
Rxe6 Nf4 48. Re4 Nxh5 49. Rxd4 Nf6 50. Ra4 a5 51. Rd4 Kf7 52. Rd6 b5 53. Rb6 b4
54. Rb5 Ke6 55. Rxa5 Nd5 56. Ke2 Nf4+ 57. Ke3 Ng2+ 58. Ke4 Ne1 59. Rb5 Nc2 60.
f4 Kf6 61. Rb6+ Kf7 62. f5 Ke7 63. Kd3 Ne1+ 64. Kc4 Nc2 65. Re6+ Kf7 66. b3 Kg7
67. Re2 1-0

[Event "Madrid ch - Previa A 2013"]
[Site "Madrid ESP"]
[Date "2013.02.12"]
[Round "5.5"]
[White "Garcia Gonzalez, Pedro A"]
[Black "Perez Cameselle, Francisco"]
[Result "1/2-1/2"]
[WhiteElo "1830"]
[BlackElo "1885"]
[PlyCount "114"]
[EventDate "2013.02.04"]
[EventType "swiss"]
[EventRounds "9"]
[EventCountry "ESP"]
[Source "lmi"]
[SourceDate "2013.02.04"]

1. d4 Nf6 2. Nf3 g6 3. Bg5 Bg7 4. Nbd2 h6 5. Bf4 Nh5 6. Be5 d6 7. Bxg7 Nxg7 8.
e4 O-O 9. Bc4 Be6 10. d5 Bg4 11. h3 Bxf3 12. Nxf3 e5 13. dxe6 Nxe6 14. Qd2 Ng5
15. Nxg5 Qxg5 16. Qxg5 hxg5 17. O-O-O Nd7 18. f3 Ne5 19. Bb3 a5 20. a4 Kg7 21.
h4 gxh4 22. Rxh4 Rh8 23. Rdh1 Rxh4 24. Rxh4 g5 25. Rh1 Rh8 26. Rxh8 Kxh8 27.
Kd2 Kg7 28. Ke3 c5 29. c3 b6 30. g3 f6 31. f4 gxf4+ 32. gxf4 Ng6 33. Kd3 Nxf4+
34. Kc4 Kf8 35. Kb5 Ke7 36. Kxb6 Kd7 37. Bc4 Ng6 38. Bb5+ Kc8 39. Kxa5 Kc7 40.
Be8 Nf4 41. Kb5 Nd3 42. b4 Nf2 43. Bg6 Nd1 44. bxc5 Nxc3+ 45. Kb4 Ne2 46. cxd6+
Kxd6 47. Kb5 Kc7 48. Kc5 Nc3 49. Kb4 Ne2 50. Bf7 Nd4 51. Kc5 Nc6 52. Kd5 Nd8
53. Be8 Nb7 54. Bb5 Nd6 55. Bc6 Nc8 56. Be8 Nd6 57. Bg6 Nb7 1/2-1/2

[Event "Madrid ch - Previa A 2013"]
[Site "Madrid ESP"]
[Date "2013.02.12"]
[Round "5.6"]
[White "Martin-Consuegra Barrilero, Francisco Javier"]
[Black "Morera Rodriguez, Ignacio"]
[Result "0-1"]
[WhiteElo "1883"]
[BlackElo "1863"]
[PlyCount "110"]
[EventDate "2013.02.04"]
[EventType "swiss"]
[EventRounds "9"]
[EventCountry "ESP"]
[Source "lmi"]
[SourceDate "2013.02.04"]

1. d4 Nf6 2. Bf4 g6 3. e3 Bg7 4. Nf3 d6 5. h3 O-O 6. Be2 Nfd7 7. O-O e5 8. Bh2
Nc6 9. c3 f5 10. dxe5 Ndxe5 11. Qd5+ Kh8 12. Nbd2 Qe7 13. Nd4 a5 14. N2f3 a4
15. Nxc6 Nxc6 16. Qd2 Be6 17. Nd4 Bd7 18. Bf3 Ra6 19. b4 Rb6 20. a3 Ne5 21. Be2
c5 22. Nc2 Rc8 23. Rab1 Rbc6 24. b5 Rb6 25. f4 Nf7 26. c4 Ra8 27. Rfd1 Be6 28.
Kf1 Nh6 29. Bg1 Ng8 30. Ne1 Nf6 31. Bf3 Bxc4+ 32. Kf2 Ne4+ 33. Bxe4 Qxe4 34.
Nf3 Qe7 35. Kg3 Bb3 36. Re1 Rxb5 37. e4 fxe4 38. Qe2 Rba5 39. Nd2 Bc2 40. Rb5
Bd3 41. Rxa5 Rxa5 42. Qg4 Ra8 43. Be3 d5 44. h4 d4 45. h5 g5 46. Bg1 gxf4+ 47.
Kh3 Re8 48. Bh2 Qe6 49. Bxf4 Qxg4+ 50. Kxg4 c4 51. h6 Bf8 52. Kf5 e3+ 53. Kf6
Be7+ 54. Kf7 Bg6+ 55. Ke6 Bg5+ 0-1

[Event "Madrid ch - Previa A 2013"]
[Site "Madrid ESP"]
[Date "2013.02.12"]
[Round "5.8"]
[White "Amick, Cisneros"]
[Black "Saber, Salah"]
[Result "0-1"]
[WhiteElo "1789"]
[BlackElo "1844"]
[PlyCount "114"]
[EventDate "2013.02.04"]
[EventType "swiss"]
[EventRounds "9"]
[EventCountry "ESP"]
[Source "lmi"]
[SourceDate "2013.02.04"]

1. e4 Nc6 2. d4 d5 3. e5 Bf5 4. c3 e6 5. Nf3 Be7 6. Bd3 Bg6 7. h4 Bh5 8. Bg5 h6
9. Bxe7 Ngxe7 10. Nbd2 Bg6 11. Qc2 a6 12. Bxg6 Nxg6 13. g3 Qd7 14. Nb3 b6 15.
O-O-O a5 16. a4 Na7 17. Kd2 Qxa4 18. Ke1 Qb5 19. Ra1 Qd7 20. Nc1 Nc6 21. Nd3
Nd8 22. h5 Ne7 23. Rh4 Nb7 24. Rg4 g5 25. hxg6 fxg6 26. Nf4 g5 27. Nh5 O-O-O
28. Nf6 Qc6 29. b4 Kb8 30. bxa5 Nxa5 31. Nd2 Nf5 32. Qb2 Qb7 33. Qb5 c6 34. Qb4
Kc7 35. c4 dxc4 36. Nxc4 Nxc4 37. Qxc4 Kb8 38. Re4 h5 39. Rc1 h4 40. g4 Ne7 41.
Nh5 Rd5 42. Re3 Rhd8 43. Rd3 c5 44. Rcd1 b5 45. Qa2 c4 46. Ra3 Rxd4 47. Ra1
Qh1+ 48. Ke2 Re4+ 49. Re3 Rxe3+ 50. Kxe3 Rd3+ 51. Ke2 Qf3+ 52. Ke1 Qb7 53. Qa5
Nc6 54. Qa2 Nxe5 55. Qb2 c3 56. Qb4 Re3+ 57. Kd1 Qd5+ 0-1

[Event "Madrid ch - Previa A 2013"]
[Site "Madrid ESP"]
[Date "2013.02.12"]
[Round "5.9"]
[White "Fernandez Garcia, Ignacio"]
[Black "Redondo Garcia, Jose Luis"]
[Result "1-0"]
[WhiteElo "1835"]
[BlackElo "1812"]
[PlyCount "59"]
[EventDate "2013.02.04"]
[EventType "swiss"]
[EventRounds "9"]
[EventCountry "ESP"]
[Source "lmi"]
[SourceDate "2013.02.04"]

1. e4 c5 2. Nc3 e6 3. f4 a6 4. Nf3 b5 5. d3 Bb7 6. Be2 Nc6 7. O-O Nd4 8. Be3
Nxf3+ 9. Bxf3 Rc8 10. e5 Qc7 11. Bxb7 Qxb7 12. f5 Ne7 13. fxe6 dxe6 14. Ne4 Nf5
15. Qf3 Qd7 16. Kh1 Nxe3 17. Qxe3 Be7 18. Qg3 O-O 19. Nf6+ Bxf6 20. exf6 g6 21.
Qg5 Kh8 22. Qh6 Rg8 23. Rf3 e5 24. Rh3 Qxh3 25. Qxh3 c4 26. Qd7 cxd3 27. cxd3
Rcd8 28. Qxf7 Rxd3 29. Qe7 Rdd8 30. f7 1-0

[Event "Madrid ch - Previa A 2013"]
[Site "Madrid ESP"]
[Date "2013.02.12"]
[Round "5.10"]
[White "Caamano Jimenez, Luis"]
[Black "Osorio Ramos, Francisco"]
[Result "0-1"]
[WhiteElo "1764"]
[BlackElo "1831"]
[PlyCount "21"]
[EventDate "2013.02.04"]
[EventType "swiss"]
[EventRounds "9"]
[EventCountry "ESP"]
[Source "lmi"]
[SourceDate "2013.02.04"]

1. d3 d5 2. g3 c6 3. Bg2 e5 4. Nf3 Qc7 5. O-O Nf6 6. Nbd2 Be7 7. c4 O-O 8. Qc2
Be6 9. Ng5 Qc8 10. Nxe6 Qxe6 11. a3 0-1

[Event "Madrid ch - Previa A 2013"]
[Site "Madrid ESP"]
[Date "2013.02.12"]
[Round "5.11"]
[White "Maseda Iglesias, Luis"]
[Black "Montes De Santiago, Fernando"]
[Result "1/2-1/2"]
[WhiteElo "1747"]
[BlackElo "1826"]
[PlyCount "52"]
[EventDate "2013.02.04"]
[EventType "swiss"]
[EventRounds "9"]
[EventCountry "ESP"]
[Source "lmi"]
[SourceDate "2013.02.04"]

1. d4 d5 2. Nf3 Nf6 3. e3 Bg4 4. c4 e6 5. Qb3 Qc8 6. Ne5 Bh5 7. Bd3 Bd6 8. Nc3
c6 9. h3 Nbd7 10. f4 Bg6 11. Bxg6 hxg6 12. c5 Bc7 13. Qc2 Qd8 14. b4 Nxe5 15.
fxe5 Ng4 16. g3 Qg5 17. e4 Qh5 18. Ne2 Nh6 19. Qd3 dxe4 20. Qxe4 Qf5 21. Qxf5
Nxf5 22. Bf4 a5 23. Bd2 Kd7 24. Kf2 Ne7 25. h4 Nd5 26. a3 axb4 1/2-1/2

[Event "Madrid ch - Previa A 2013"]
[Site "Madrid ESP"]
[Date "2013.02.12"]
[Round "5.13"]
[White "Gonzalez Recas, Fernando"]
[Black "Roldan Garcia, Angel"]
[Result "1-0"]
[WhiteElo "1844"]
[BlackElo "1748"]
[PlyCount "127"]
[EventDate "2013.02.04"]
[EventType "swiss"]
[EventRounds "9"]
[EventCountry "ESP"]
[Source "lmi"]
[SourceDate "2013.02.04"]

1. e4 c5 2. Nf3 e6 3. d4 cxd4 4. Nxd4 Nc6 5. Nb5 d6 6. N1c3 a6 7. Nd4 Bd7 8.
Be3 Nf6 9. Be2 Be7 10. a3 Nxd4 11. Bxd4 O-O 12. f4 Bc6 13. Bf3 Qc7 14. Qe2 e5
15. Be3 b5 16. g4 exf4 17. Bxf4 Nd7 18. h4 Ne5 19. Bg2 Ng6 20. Bg3 Bf6 21. h5
Be5 22. Bxe5 Nxe5 23. g5 Rad8 24. h6 g6 25. O-O-O Qe7 26. Qe3 f6 27. gxf6 Rxf6
28. Nd5 Bxd5 29. exd5 Qf8 30. Bh3 Rf3 31. Be6+ Kh8 32. Qb6 Ra8 33. Kb1 Nc4 34.
Qd4+ Qf6 35. Qxf6+ Rxf6 36. Ka2 Raf8 37. b3 Ne3 38. Rd2 Nf1 39. Rd3 a5 40. Rc3
Nd2 41. Rh2 Ne4 42. Re3 Nc5 43. b4 axb4 44. axb4 Nxe6 45. dxe6 Re8 46. Ree2
Rfxe6 47. Rd2 Rd8 48. Rd5 Re5 49. Rhd2 Rxd5 50. Rxd5 Kg8 51. Rxb5 d5 52. Kb3
Rd6 53. Rb8+ Kf7 54. Rb7+ Kg8 55. Kc3 g5 56. Rg7+ Kh8 57. Rxg5 Rxh6 58. Rxd5
Rc6+ 59. Rc5 Rb6 60. b5 Kg8 61. Kc4 Kf8 62. Rc7 h6 63. Kc5 Rg6 64. b6 1-0

[Event "Madrid ch - Previa A 2013"]
[Site "Madrid ESP"]
[Date "2013.02.12"]
[Round "5.14"]
[White "Lopez Peral, Enrique"]
[Black "Zuazua Conde, Ivan Javier"]
[Result "0-1"]
[WhiteElo "1833"]
[BlackElo "1605"]
[PlyCount "56"]
[EventDate "2013.02.04"]
[EventType "swiss"]
[EventRounds "9"]
[EventCountry "ESP"]
[Source "lmi"]
[SourceDate "2013.02.04"]

1. d4 d5 2. c4 c6 3. Nf3 Nf6 4. e3 Bf5 5. cxd5 cxd5 6. Bb5+ Nc6 7. Nc3 e6 8.
Ne5 Rc8 9. O-O Bd6 10. a3 O-O 11. f4 h6 12. Bd3 Bxd3 13. Qxd3 a6 14. Bd2 Na5
15. Rfc1 Nb3 16. Nxd5 Nxc1 17. Nxf6+ gxf6 18. Bxc1 fxe5 19. fxe5 Be7 20. g3 Qc7
21. e4 Kh7 22. Qf1 Qc4 23. Qf3 Qxd4+ 24. Be3 Qxe3+ 25. Qxe3 Bc5 26. Qxc5 Rxc5
27. Rd1 Rfc8 28. Rd2 R8c7 0-1

[Event "Madrid ch - Previa A 2013"]
[Site "Madrid ESP"]
[Date "2013.02.12"]
[Round "5.15"]
[White "Martinez Rubio, Felipe"]
[Black "Martinez Miura, Enrique"]
[Result "1-0"]
[WhiteElo "1826"]
[BlackElo "1733"]
[PlyCount "35"]
[EventDate "2013.02.04"]
[EventType "swiss"]
[EventRounds "9"]
[EventCountry "ESP"]
[Source "lmi"]
[SourceDate "2013.02.04"]

1. d4 e6 2. Nf3 Nf6 3. Bf4 d5 4. e3 Be7 5. Bd3 O-O 6. Nbd2 Nbd7 7. Ne5 Nxe5 8.
dxe5 Ne8 9. h4 f6 10. Bxh7+ Kxh7 11. Qh5+ Kg8 12. Nf3 Nd6 13. exd6 Bxd6 14. Ng5
fxg5 15. hxg5 Bxf4 16. exf4 Qe7 17. g6 Qb4+ 18. Kf1 1-0

[Event "Madrid ch - Previa A 2013"]
[Site "Madrid ESP"]
[Date "2013.02.12"]
[Round "5.16"]
[White "Beekhof Harmsen, Willen"]
[Black "Diaz Begonte, Manuel"]
[Result "0-1"]
[WhiteElo "1725"]
[BlackElo "1825"]
[PlyCount "88"]
[EventDate "2013.02.04"]
[EventType "swiss"]
[EventRounds "9"]
[EventCountry "ESP"]
[Source "lmi"]
[SourceDate "2013.02.04"]

1. d4 d5 2. Nf3 Nf6 3. e3 Bf5 4. b3 e6 5. Ba3 Bd6 6. Bxd6 Qxd6 7. Nbd2 O-O 8.
c4 c5 9. dxc5 Qxc5 10. Rc1 Qb4 11. Nd4 Bg6 12. Be2 Ne4 13. Nc2 Qd6 14. O-O Nc3
15. Qe1 Nxa2 16. Ra1 Nc3 17. Nd4 e5 18. N4f3 Nc6 19. cxd5 Nb4 20. Nc4 Nxe2+ 21.
Qxe2 Qxd5 22. Nfxe5 Qe6 23. Nxg6 hxg6 24. Rfd1 Nd5 25. Qf3 Rfd8 26. e4 Nb6 27.
Rxd8+ Rxd8 28. Nxb6 Qxb6 29. Rd1 Rxd1+ 30. Qxd1 Qb4 31. Qd8+ Qf8 32. Qxf8+ Kxf8
33. f4 Ke7 34. Kf2 Kd6 35. Ke3 Kc5 36. Kd3 a5 37. g4 b5 38. e5 a4 39. Kc3 b4+
40. Kc2 a3 41. f5 Kd5 42. fxg6 fxg6 43. h4 Kxe5 44. Kb1 Kf4 0-1

[Event "Madrid ch - Previa A 2013"]
[Site "Madrid ESP"]
[Date "2013.02.12"]
[Round "5.17"]
[White "Carrera Cabaneros, Francisco"]
[Black "Tsakas, Nikolaos"]
[Result "1-0"]
[WhiteElo "1795"]
[BlackElo "1720"]
[PlyCount "65"]
[EventDate "2013.02.04"]
[EventType "swiss"]
[EventRounds "9"]
[EventCountry "ESP"]
[Source "lmi"]
[SourceDate "2013.02.04"]

1. d4 Nf6 2. c4 e6 3. Nc3 Bb4 4. Nf3 d5 5. Bg5 Nbd7 6. e3 Nb6 7. Qb3 Be7 8. Bd3
Nbd7 9. cxd5 Nxd5 10. Nxd5 exd5 11. Qxd5 Nf6 12. Qb3 Qd5 13. Bc4 Qa5+ 14. Ke2
Ne4 15. Bxf7+ Kf8 16. Bxe7+ Kxe7 17. Rhd1 Bd7 18. Ne5 Rhf8 19. f3 Ng5 20. Nxd7
Rxf7 21. Ne5 Rf6 22. Qxb7 Qa6+ 23. Qxa6 Rxa6 24. Rdc1 Kd6 25. h4 Ne6 26. Rc2
Re8 27. a3 Ra4 28. Kf2 c5 29. Nc4+ Kd7 30. dxc5 Kc6 31. b4 g5 32. hxg5 Nxg5 33.
Rd1 1-0

[Event "Madrid ch - Previa A 2013"]
[Site "Madrid ESP"]
[Date "2013.02.12"]
[Round "5.19"]
[White "Fernandez Martinez, Jose"]
[Black "Rodriguez Bachiller, luis"]
[Result "1-0"]
[WhiteElo "1707"]
[BlackElo "1776"]
[PlyCount "73"]
[EventDate "2013.02.04"]
[EventType "swiss"]
[EventRounds "9"]
[EventCountry "ESP"]
[Source "lmi"]
[SourceDate "2013.02.04"]

1. d4 Nf6 2. c4 c5 3. d5 e6 4. Nc3 exd5 5. cxd5 d6 6. e4 g6 7. Nf3 Bg7 8. Be2
O-O 9. O-O Re8 10. Qc2 a6 11. a4 b6 12. h3 Nbd7 13. Bf4 Nf8 14. Nd2 Bb7 15. Nc4
Nxd5 16. exd5 Bxc3 17. bxc3 Bxd5 18. Qd2 Bxc4 19. Bxc4 Qf6 20. Rad1 Rad8 21.
Bg5 Qe5 22. Bxd8 Rxd8 23. Rfe1 Qf6 24. Qe3 b5 25. axb5 axb5 26. Bd5 b4 27. cxb4
cxb4 28. Qe7 Kg7 29. Qxf6+ Kxf6 30. Rb1 Rb8 31. Re4 Rb5 32. Rf4+ Ke5 33. Rxf7
Rb8 34. Rb7 Rd8 35. Bf3 Ne6 36. R7xb4 Nd4 37. Re1+ 1-0

[Event "Madrid ch - Previa A 2013"]
[Site "Madrid ESP"]
[Date "2013.02.12"]
[Round "5.20"]
[White "Jimenez Jimenez, Darfo"]
[Black "Olano Lanchas, Dionisio"]
[Result "0-1"]
[WhiteElo "1678"]
[BlackElo "1759"]
[PlyCount "70"]
[EventDate "2013.02.04"]
[EventType "swiss"]
[EventRounds "9"]
[EventCountry "ESP"]
[Source "lmi"]
[SourceDate "2013.02.04"]

1. e4 c5 2. Nf3 e6 3. d4 cxd4 4. Nxd4 a6 5. c4 Bc5 6. Be3 Qb6 7. Qd2 Nf6 8. Nc3
Bb4 9. f3 Qd6 10. a3 Bc5 11. Qf2 Nc6 12. Nf5 exf5 13. Bxc5 Qe5 14. Bd3 d6 15.
Bb6 O-O 16. O-O f4 17. Rfd1 Nd7 18. Bc7 Re8 19. Bc2 Re6 20. Rd5 Qf6 21. Rad1
Nde5 22. c5 Nc4 23. cxd6 Bd7 24. Rf5 Qh6 25. Nd5 g5 26. Ne7+ Nxe7 27. dxe7 Rxe7
28. Qc5 Bxf5 29. Qxe7 Be6 30. Rd8+ Rxd8 31. Qxd8+ Kg7 32. b3 Ne3 33. Bd3 Qf6
34. Be5 Qxe5 35. h3 h6 0-1

[Event "Madrid ch - Previa A 2013"]
[Site "Madrid ESP"]
[Date "2013.02.12"]
[Round "5.21"]
[White "De Mingo Matias, Jose Andres"]
[Black "Hernandez Gutierrez, Jose"]
[Result "0-1"]
[WhiteElo "1476"]
[BlackElo "1852"]
[PlyCount "70"]
[EventDate "2013.02.04"]
[EventType "swiss"]
[EventRounds "9"]
[EventCountry "ESP"]
[Source "lmi"]
[SourceDate "2013.02.04"]

1. e4 c5 2. Nf3 a6 3. d4 cxd4 4. Nxd4 e5 5. Nb3 Nf6 6. f3 d5 7. exd5 Nxd5 8.
Nc3 Bb4 9. Bd2 Nxc3 10. Bxc3 Bxc3+ 11. bxc3 O-O 12. Qxd8 Rxd8 13. Bd3 Nc6 14.
O-O b6 15. Rfd1 Bb7 16. Rd2 Rd6 17. Rad1 g6 18. Be4 Rxd2 19. Rxd2 Rd8 20. Rxd8+
Nxd8 21. Bxb7 Nxb7 22. Kf2 Nd6 23. Ke3 f5 24. Nd2 Kf7 25. Kd3 Ke6 26. c4 g5 27.
a3 h5 28. h3 h4 29. c3 Nb7 30. Nb3 Kd6 31. Ke3 Nd8 32. a4 Ne6 33. a5 Nc5 34.
Nxc5 Kxc5 35. axb6 Kxb6 0-1

[Event "Madrid ch - Previa A 2013"]
[Site "Madrid ESP"]
[Date "2013.02.12"]
[Round "5.22"]
[White "Corral Aragon, Juan Maria"]
[Black "Lucia Carpintero, Oscar"]
[Result "1-0"]
[WhiteElo "1753"]
[BlackElo "1683"]
[PlyCount "59"]
[EventDate "2013.02.04"]
[EventType "swiss"]
[EventRounds "9"]
[EventCountry "ESP"]
[Source "lmi"]
[SourceDate "2013.02.04"]

1. e4 e6 2. d4 d5 3. exd5 exd5 4. Nf3 Nf6 5. Bd3 Bg4 6. O-O Be7 7. h3 Bh5 8. c4
dxc4 9. Bxc4 O-O 10. g4 Bg6 11. Ne5 Bxb1 12. Rxb1 Nbd7 13. Qb3 Nxe5 14. dxe5
Nd7 15. Rd1 Qc8 16. e6 Ne5 17. exf7+ Nxf7 18. Be6 Qe8 19. Bf4 Kh8 20. Bxc7 Ng5
21. Bd7 Qg6 22. f4 Bc5+ 23. Kh2 Qe4 24. Qd3 Rxf4 25. Bxf4 Qxf4+ 26. Qg3 Qe4 27.
Bf5 Nf3+ 28. Kh1 Qc6 29. Qg2 Re8 30. Bd7 1-0

[Event "Madrid ch - Previa A 2013"]
[Site "Madrid ESP"]
[Date "2013.02.12"]
[Round "5.23"]
[White "Moreno Sanchez, Guillermo"]
[Black "Castro Uceda, Jose Antonio"]
[Result "1-0"]
[WhiteElo "1644"]
[BlackElo "1668"]
[PlyCount "73"]
[EventDate "2013.02.04"]
[EventType "swiss"]
[EventRounds "9"]
[EventCountry "ESP"]
[Source "lmi"]
[SourceDate "2013.02.04"]

1. d4 d5 2. c4 dxc4 3. Nf3 e6 4. e3 Nf6 5. Bxc4 Bb4+ 6. Nc3 O-O 7. O-O b6 8.
Qb3 Bxc3 9. bxc3 Bb7 10. Ne5 Re8 11. Ba3 Nc6 12. Rad1 Na5 13. Qa4 Nxc4 14. Qxc4
Qc8 15. Qb3 Nd7 16. Nd3 Qd8 17. f3 Qg5 18. Bc1 Qg6 19. Nf4 Qf6 20. e4 Qe7 21.
Nh3 f6 22. Rfe1 Kh8 23. Qb5 Rad8 24. Qh5 g6 25. Qh4 f5 26. Bg5 Qf8 27. Bxd8
Rxd8 28. exf5 gxf5 29. Ng5 Qg8 30. Rxe6 Bd5 31. Re7 Nf6 32. Rde1 Rf8 33. Rxc7
Bf7 34. Ree7 Bg6 35. Rxa7 Re8 36. Nf7+ Bxf7 37. Qxf6+ 1-0

[Event "Madrid ch - Previa A 2013"]
[Site "Madrid ESP"]
[Date "2013.02.12"]
[Round "5.24"]
[White "Barria Arbunic, Manuel"]
[Black "Perez-Nunez Castillo, Jose"]
[Result "1/2-1/2"]
[WhiteElo "1478"]
[BlackElo "1648"]
[PlyCount "50"]
[EventDate "2013.02.04"]
[EventType "swiss"]
[EventRounds "9"]
[EventCountry "ESP"]
[Source "lmi"]
[SourceDate "2013.02.04"]

1. d4 d5 2. c4 e6 3. Nf3 Nf6 4. Nc3 c6 5. Bg5 Nbd7 6. a3 Be7 7. e3 dxc4 8. Bxc4
h6 9. Bh4 O-O 10. O-O Re8 11. Qc2 a6 12. Rfd1 b5 13. Bf1 Nd5 14. Nxd5 cxd5 15.
Bxe7 Qxe7 16. Qc6 Rb8 17. Rac1 Bb7 18. Qc3 Rbc8 19. Qd2 Nf6 20. Rxc8 Rxc8 21.
Rc1 Qd8 22. Bd3 Ne4 23. Rxc8 Qxc8 24. Qc2 Qxc2 25. Bxc2 Nd6 1/2-1/2